ბათუმის შოთა რუსთაველის სახელმწიფო უნივერსიტეტის ბიბლიოთეკა

პროდუქციის თვითღირებულება და მისი შემცირების საკითხები საშენმასალათა მრეწველობაში / (ბიბ.ჩანაწერი № 37922)

000 -ლიდერი
ფიქსირებული სიგრძის საკონტროლო ველი 01045nam a2200217Ia 4500
001 - საკონტროლო ნომერი
საკონტროლო ველი 3900
003 - საკონტროლო ნომრის იდენტიფიკატორი
საკონტროლო ველი GE_BSU
005 - ბოლო ოპერაციის თარიღი და დრო
საკონტროლო ველი 20190530183113.0
008 - ფიქსირებული სიგრძის მონაცემთა ელემენტები - ზოგადი ინფორმაცია
ფიქსირებული სიგრძის საკონტროლო ველი 181216s1965||||ge |||||||||||||| ||geo||
040 ## - კატალოგიზაციის წყარო
Transcribing agency GE_BSU
041 ## - ენის კოდი
Language code of text/sound track or separate title geo
080 ## - უნივერსალური ათობითი კლასიფიკაციის ინდექსი
Universal Decimal Classification number 338.512 მ–87
100 ## - მთავარი ჩანაწერი - პიროვნების სახელი
Personal name მოურავიძე, დ.
9 (RLIN) 1865
245 ## - ცნობა სათაურის შესახებ
Title პროდუქციის თვითღირებულება და მისი შემცირების საკითხები საშენმასალათა მრეწველობაში /
Statement of responsibility, etc დ. მოურავიძე ; რედ : კ. ბაბილოძე.
264 ## - წარმოების, გამოცემის, დისტრიბუციის და სხვა ცნობები
გამოცემის, წარმოების, დისტრიბუციის... ადგილი თბილისი :
გამოცემის, წარმოების, დისტრიბუციის... სახელწოდება მეცნიერება,
გამოცემის, წარმოების, დისტრიბუციის... თარიღი 1965.
300 ## - ფიზიკური აღწერა
Extent 238 გვ .:
Dimensions 22 სმ.
653 ## - INDEX TERM--UNCONTROLLED
Uncontrolled term საშენი მასალების მრეწველობა
653 ## - INDEX TERM--UNCONTROLLED
Uncontrolled term პროდუქციის თვითღირებულება
700 ## - ADDED ENTRY--PERSONAL NAME
Personal name ბაბილოძე, კ
Relator term რედაქტორი
9 (RLIN) 1866
942 ## - ADDED ENTRY ELEMENTS (KOHA)
Koha item type წიგნი
Source of classification or shelving scheme
ეგზემპლარები
ჩამოწერის სტატუსი დაკარგული ეგზემპლარის სტატუსი კლასიფიკაციის წყარო ან თაროზე გაწყობის სქემა დაზიანების სტატუსი არ გაიცემა მუდმივი მდებარეობა (დაცვის ადგილი) ამჟამინდელი ადგილსამყოფელი შეძენის თარიღი ღირებულება, შესყიდვის ნორმალური ფასი სრული შენახვის შიფრი შტრიხკოდი ბოლო ოპერაციის თარიღი ეგზემპლარის მიმდევრობითი ნომერი (კეტერი?) ფასის ძალაში შესვლის თარიღი ეგზემპლარის სახეობა საჯარო შენიშვნა თაროზე განთავსების ადგილი
          ბათუმის შოთა რუსთაველის სახელმწიფო უნივერსიტეტის მთავარი ბიბლიოთეკა ბათუმის შოთა რუსთაველის სახელმწიფო უნივერსიტეტის მთავარი ბიბლიოთეკა 2026-04-23 6.00 338.512 მ–87 74385 2026-04-23 74385 2026-04-23 წიგნი 6.00 წიგნსაცავი
          ბათუმის შოთა რუსთაველის სახელმწიფო უნივერსიტეტის მთავარი ბიბლიოთეკა ბათუმის შოთა რუსთაველის სახელმწიფო უნივერსიტეტის მთავარი ბიბლიოთეკა 2026-04-23 2.00 338.512 მ–87 74386 2026-04-23 74386 2026-04-23 წიგნი 2ლ.24თ. წიგნსაცავი
          ტექნოლოგიური ფაკულტეტის ბიბლიოთეკა ტექნოლოგიური ფაკულტეტის ბიბლიოთეკა 2018-12-17 2.00 338.512 მ–87 9900 2018-12-17 9900 2018-12-17 წიგნი 2 ლ. 24 თ.